000 00675nmm a2200253 a 4500
003 AR-BaBNM
005 20251128211741.0
008 156020s2006 ||||||||||||||000 | spa||
020 _a950-16-2066-2
040 _cAR-BaBNM
100 1 _aCicerchia, Ricardo
245 1 0 _aHistoria de la vida privada en la Argentina
_nVolumen 3
250 _a1ยช ed.
260 _aBuenos Aires
_c2006
_bEditorial Troquel
300 0 _a238 p.
650 4 _aHISTORIA ARGENTINA
650 4 _aHISTORIA SOCIAL
650 4 _aVIDA COTIDIANA
650 4 _aHISTORIA CORDOBESA
650 4 _aCOSTUMBRES Y TRADICIONES
650 4 _aHISTORIA CULTURAL
942 _cBK
998 _cme-solo cat
999 _c20954
_d20954